000 00864nam a22002417a 4500
999 _c656
_d656
003 AR-CdUCM
008 190225b ||||| |||| 00| 0 spa d
040 _aMUNICIPALIDAD PROVINCIAL DEL CUSCO
_cBIBLIOTECA MUNICIPAL DEL CUSCO
082 _a860 /
_bB37
100 _aBéjar Apaza, Mario Walter
_92542
245 _aEl misterioso laberinto del deseo /
260 _aCusco :
_bInstituto Nacional de Cultura,
_c2006.
300 _a148 páginas ;
_c21 cm.
505 _aSan Tutis - Santa Ana -- Impresiones Pasajeras: Lucas -- El Viaje - Amaneceres Luminosos:Sol -- La Despedida - Las Salineras -- Un pasado perdido: Julieta
650 _aNarrativa
_967
650 _aCusco
_9772
650 _aSan Tutis
_92543
650 _aNovela
_95
650 _aLiteratura
_983
700 _aZambria Apaza, Toni S.
_92544
942 _2ddc
_cLIBROS
945 _admma
_dSH0000000792